<?xml version="1.0" encoding="UTF-8"?><?xml-stylesheet type="text/xsl" href="static/style.xsl"?><OAI-PMH xmlns="http://www.openarchives.org/OAI/2.0/" xmlns:xsi="http://www.w3.org/2001/XMLSchema-instance" xsi:schemaLocation="http://www.openarchives.org/OAI/2.0/ http://www.openarchives.org/OAI/2.0/OAI-PMH.xsd"><responseDate>2026-04-14T06:54:00Z</responseDate><request verb="GetRecord" identifier="oai:www.recercat.cat:2445/214987" metadataPrefix="marc">https://recercat.cat/oai/request</request><GetRecord><record><header><identifier>oai:recercat.cat:2445/214987</identifier><datestamp>2025-12-04T21:17:36Z</datestamp><setSpec>com_2072_1057</setSpec><setSpec>col_2072_478783</setSpec><setSpec>col_2072_478917</setSpec></header><metadata><record xmlns="http://www.loc.gov/MARC21/slim" xmlns:dcterms="http://purl.org/dc/terms/" xmlns:xsi="http://www.w3.org/2001/XMLSchema-instance" xmlns:doc="http://www.lyncode.com/xoai" xsi:schemaLocation="http://www.loc.gov/MARC21/slim http://www.loc.gov/standards/marcxml/schema/MARC21slim.xsd">
   <leader>00925njm 22002777a 4500</leader>
   <datafield ind2=" " ind1=" " tag="042">
      <subfield code="a">dc</subfield>
   </datafield>
   <datafield ind2=" " ind1=" " tag="720">
      <subfield code="a">Guerrero Ovejas, Marta</subfield>
      <subfield code="e">author</subfield>
   </datafield>
   <datafield ind2=" " ind1=" " tag="260">
      <subfield code="c">2024-09-04T11:50:54Z</subfield>
   </datafield>
   <datafield ind2=" " ind1=" " tag="260">
      <subfield code="c">2024-09-04T11:50:54Z</subfield>
   </datafield>
   <datafield ind2=" " ind1=" " tag="260">
      <subfield code="c">2024-01-05</subfield>
   </datafield>
   <datafield ind2=" " ind1=" " tag="520">
      <subfield code="a">This paper builds on the impact of the recent CJEU ruling in the SCHUFA case regarding the use of AI in the creditworthiness assessment. In the analysis, the recently approved AI Regulation, as well as the latest reform of the Consumer Credit Directive in 2023 have been considered in order to determine the path that the European Union is following with regards to the use of AI in the consumer’s realm. With all these elements in mind, it has been assessed the most problematic issues arising in this field, in addition to drawing attention to the successes and challenges ahead.</subfield>
   </datafield>
   <datafield ind2=" " ind1=" " tag="520">
      <subfield code="a">El presente estudio parte del impacto que ha tenido la reciente sentencia del TJUE recaída en el asunto SCHUFA relativa al uso de la IA para la evaluación de solvencia crediticia. En el análisis, se ha tenido presente el recién aprobado Reglamento de IA, así como la última reforma de la Directiva de crédito al consumo operada en 2023 para determinar la dirección que está tomando la Unión Europea respecto del uso de la IA en materia de consumo. Con todos estos elementos en cuenta, se han evaluado las cuestiones más problemáticas que se plantean en esta esfera y se apuntan los aciertos y los desafíos pendientes.</subfield>
   </datafield>
   <datafield ind2=" " ind1=" " tag="520">
      <subfield code="a">El present estudi part de l'impacte que ha tingut la recent sentència del TJUE recaiguda en l'assumpte SCHUFA relativa a l'ús de la IA per l'avaluació de solvència creditícia. En l'anàlisi, s'ha tingut present el recent aprovat Reglament de IA, així com l'última reforma de la Directiva de crèdit al consum operada en 2023 per determinar la direcció que està prenent la Unió Europea respecte de l'ús d’IA en matèria de consum. Amb tots aquests elements en compte, s'han avaluat les qüestions més problemàtiques que es plantegen en aquesta esfera i s'apunten els encerts i els desafiaments pendents.</subfield>
   </datafield>
   <datafield tag="653" ind2=" " ind1=" ">
      <subfield code="a">Risc de crèdit</subfield>
   </datafield>
   <datafield tag="653" ind2=" " ind1=" ">
      <subfield code="a">Intel·ligència artificial</subfield>
   </datafield>
   <datafield tag="653" ind2=" " ind1=" ">
      <subfield code="a">Protecció de dades</subfield>
   </datafield>
   <datafield tag="653" ind2=" " ind1=" ">
      <subfield code="a">Credit risk</subfield>
   </datafield>
   <datafield tag="653" ind2=" " ind1=" ">
      <subfield code="a">artificial intelligence</subfield>
   </datafield>
   <datafield tag="653" ind2=" " ind1=" ">
      <subfield code="a">Data Protection</subfield>
   </datafield>
   <datafield ind2="0" ind1="0" tag="245">
      <subfield code="a">Score automatizado en la concesión de crédito</subfield>
   </datafield>
</record></metadata></record></GetRecord></OAI-PMH>